000 00535nam a22002057a 4500
003 Ost
005 20250204130935.0
008 250204b |||||||| |||| 00| 0 eng d
020 _a9781630576554
040 _cBT-PhCST
050 _a25113-25117
082 _222
_a620.1
_bSHI
100 _aShih, Randy H.
245 _aAutocad 2025 tutorial :
_bfirst level 2d fundamentals /
260 _aUSA.
_bSDC,
_cc2024
300 _axx, 12-38 p. :
_bill. ;
_c25 cm.
500 _aIncludes Index.
700 _aJumper, Luke.
942 _2ddc
_cWRE
999 _c9870
_d9870